000 00545nam a2200169 4500
001 144227
003 ES-MaACL
005 20230906200954.0
007 t|
008 070214s1969 sp r ||||1| spa d
100 1 _aSindicato Nacional de Enseñanza (España)
_9220992
245 1 0 _aInforme general de actividades del Sindicato Nacional de Enseñanza durante los años 1967 y 1968.
260 _aMadrid :
_b[s. n.],
_c1969 (
_fGráficas E. M. A.)
300 _a90 p. ;
_c21 cm.
852 _aES-MaACL
_jC-35419
_bR.68742
999 _c144227
_d144227